Porter's Models – Are They still of Relevance?

Základ pre rozvoj modernej stratégie vytvoril v roku 1979 Michael Porter. Vyvinul niekoľko modelov ako „Five Forces“, „General Strategies“ alebo „Diamond of National Advantage“. Takéto modely sú dobre známe po celom svete. Michael Porter bol zakladateľom mnohých ďalších dôležitých manažérskych tém,...

Ausführliche Beschreibung

Gespeichert in:
Bibliographische Detailangaben
1. Verfasser: Pister, Marco, 1974-
Format: Buchkapitel
Sprache:Englisch
Schlagworte:
Tags: Tag hinzufügen
Keine Tags, Fügen Sie das erste Tag hinzu!

MARC

LEADER 00000naa a2200000 4500
001 0277158
005 20230616112405.5
041 0 |a eng 
044 |a RO 
245 1 0 |a Porter's Models – Are They still of Relevance?  |c Marco Pister 
520 |a Základ pre rozvoj modernej stratégie vytvoril v roku 1979 Michael Porter. Vyvinul niekoľko modelov ako „Five Forces“, „General Strategies“ alebo „Diamond of National Advantage“. Takéto modely sú dobre známe po celom svete. Michael Porter bol zakladateľom mnohých ďalších dôležitých manažérskych tém, ako sú konkurenčné analýzy alebo rozvoj konkurenčných výhod. 
610 2 0 |a stratégia hospodárska 
610 2 0 |a manažment strategický 
610 2 0 |a konkurencia 
610 2 0 |a podnik 
100 1 |a Pister, Marco, 1974-